1m+ Cities Ending With A - Statistics

General Stats
  • This quiz has been taken 48 times
    5 since last reset
  • The average score is 52 of 89
Answer Stats
Population Country City % Correct
4793700 Ethiopia Addis Ababa
100%
5280700 Egypt Alexandria
100%
5117600 Turkey Ankara
100%
5585600 Spain Barcelona
100%
10978400 Colombia Bogota
100%
21005900 Bangladesh Dhaka
100%
5179500 Mexico Guadalajara
100%
2140400 Cuba Havana
100%
10770500 Indonesia Jakarta
100%
14342400 Democratic Republic of the Congo Kinshasa
100%
10719200 Peru Lima
100%
1063700 Nicaragua Managua
100%
13923500 Philippines Manila
100%
1517200 Liberia Monrovia
100%
9552100 Japan Nagoya
100%
19165300 Japan Osaka
100%
1393100 Canada Ottawa
100%
1444100 Honduras Tegucigalpa
100%
1929900 Austria Vienna
100%
3277700 Nigeria Abuja
80%
2514000 Ghana Accra
80%
2210200 India Agra
80%
1253900 Turkey Antalya
80%
4645800 Brazil Brasilia
80%
3752400 Morocco Casablanca
80%
1571900 Argentina Cordoba
80%
3298400 Uganda Kampala
80%
14850100 India Kolkata
80%
8329800 Angola Luanda
80%
2774100 Zambia Lusaka
80%
2042100 Saudi Arabia Mecca
80%
1172600 Argentina Mendoza
80%
1296000 Kenya Mombasa
80%
1422500 Chad N'Djamena
80%
1009300 Ukraine Odesa
80%
2565700 South Africa Pretoria
80%
3194800 Mexico Puebla
80%
2973000 Yemen Sanaa
80%
1910200 Venezuel Valencia
80%
1770800 Turkey Adana
60%
1331500 Colombia Bucaramanga
60%
1062600 Colombia Cartagena
60%
3678700 Brazil Curitiba
60%
3663200 Cameroon Douala
60%
4073500 Brazil Fortaleza
60%
5528600 Japan Fukuoka
60%
2690000 Brazil Goiania
60%
1488800 Saudi Arabia Medina
60%
1161500 Mexico Merida
60%
1099500 Pakistan Quetta
60%
2944400 Indonesia Surabaya
60%
1021200 Brazil Teresina
60%
1081500 Nigeria Aba
40%
2272900 Colombia Barranquilla
40%
1352200 Iraq Basra
40%
1013000 Burundi Bujumbura
40%
1986300 Turkey Bursa
40%
4577700 China Changsha
40%
1303900 Bolivia Cochabamba
40%
1147400 Israel Haifa
40%
2083200 Japan Hiroshima
40%
1113200 Nigeria Kaduna
40%
1458400 Democratic Republic of the Congo Kananga
40%
1328100 Turkey Konya
40%
1414800 Nigeria Onitsha
40%
1591800 United States Philadelphia
40%
1163300 Russian Federation Samara
40%
1281000 Bulgaria Sofia
40%
2140400 Mexico Tijuana
40%
1136300 Russian Federation Ufa
40%
1054800 Mexico Chihuahua
20%
1075000 Mexico Cuernavaca
20%
2229200 Pakistan Gujranwala
20%
1378200 Brazil Joao Pessoa
20%
1386900 India Kota
20%
1856800 India Ludhiana
20%
1705900 Mozambique Matola
20%
1120400 Tanzania Mwanza
20%
2436400 India Patna
20%
1010400 Indonesia Samarinda
20%
2190000 India Vadodara
20%
2039800 India Vijayawada
20%
1892300 Brazil Baixada Santista
0%
1013100 Vietnam Bien Hoa
0%
2075900 Brazil Grande Vitoria
0%
1122400 China Jinhua
0%
1614900 Mexico La Laguna
0%
2922300 Japan Shizuoka
0%
1056500 Indonesia Tasikmalaya
0%
No matching quizzes found
Score Distribution
Percent of People with Each Score
Percentile by Number Answered
Your Score History
You have not taken this quiz since the last reset